header

The creation of value (Record no. 208998)

MARC details
000 -LEADER
fixed length control field 01398nam a2200361Ia 4500
100 1# - MAIN ENTRY--AUTHOR NAME
Personal name Singer, Irving.
245 14 - TITLE STATEMENT
Title The creation of value
260 ## - PUBLICATION, DISTRIBUTION, ETC. (IMPRINT)
Place of publication Cambridge, MA :
Name of publisher MIT Press,
Year of publication 2010.
300 ## - PHYSICAL DESCRIPTION
Number of Pages xxv, 158 p.
490 1# - SERIES STATEMENT
Series statement Meaning in life ;
Series statement The Irving Singer library
500 ## - GENERAL NOTE
General note Originally published: Baltimore : Johns Hopkins University Press, c1996. With new pref.
650 #0 - SUBJECT ADDED ENTRY--TOPICAL TERM
Topical Term Life.
Topical Term Meaning (Philosophy)
Topical Term Values.
856 40 - ELECTRONIC LOCATION AND ACCESS
Uniform Resource Identifier http://site.ebrary.com/lib/rucke/Doc?id=10359387

No items available.

© 2026 Rongo University
Contact us: librarian | system librarian | Rongo university